000 00788nam a2200265 a 4500
001 000014161
003 DO-SdBNP
005 20240206082506.0
007 ta
008 091207s1977 dr a 000 0 spa d
040 _aDO-SdBNP
_bspa
_cBNPHU
_erda
082 _a618.92
_bM539ma
_222
100 _aMendoza, Hugo R
_96390
245 0 0 _aManual para internos y residentes en pedriatría /
_cHugo R. Mendoza. editor
250 _a2da. edición
264 _aSanto Domingo :
_bTaller,
_c1977.
300 _a323 paginas :
_bilustraciones ;
_c15 cm.
336 _2rdacontent
_atexto
_btxt
337 _2rdamedia
_asin mediación
_bn
338 _2rdacarrier
_avolumen
_bnc
590 _aInventariado, 2023 / DG
650 4 _aPediatría
_xManuales
_984863
910 _aDG
942 _2ddc
_cLBS1
999 _c13763
_d13763